[Event "Titled Tuesday intern op 24th Oct Late"]
[Site "Chess.com INT"]
[Date "2023.10.24"]
[Round "6"]
[White "Ohler, Julius"]
[Black "Ehlvest, Jaan"]
[Result "0-1"]
[WhiteElo "2273"]
[BlackElo "2528"]
[PlyCount "106"]
[EventDate "2023.10.24"]
[EventType "swiss (blitz)"]
[EventRounds "11"]
[EventCountry "USA"]
[SourceTitle "Mega2024 Update 01"]
[Source "Chessbase"]
[SourceDate "2023.11.12"]
[SourceVersion "1"]
[SourceVersionDate "2023.11.12"]
[SourceQuality "1"]

1. d4 d5 2. Nf3 Nf6 3. c4 c6 4. Qb3 dxc4 5. Qxc4 Bf5 6. g3 e6 7. Bg2 Nbd7 8. 0-0 Be7 9. Qb3 Qb6 10. Nbd2 0-0 11. Nc4 Qxb3 12. axb3 Be4 13. Bf4 Nd5 14. Bd6 Rfe8 15. Bxe7 Rxe7 16. Nd6 Bxf3 17. Bxf3 N7b6 18. e4 Nb4 19. Rfd1 Rd7 20. e5 a6 21. Be4 Rad8 22. Rac1 Nc8 23. Rc4 Nxd6 24. exd6 Nd5 25. Bxd5 exd5 26. Rb4 b5 27. Ra1 Rxd6 28. Rxa6 Kf8 29. Kf1 Ke7 30. Ra7+ R8d7 31. Ra8 Rd8 32. Ra7+ R6d7 33. Ra6 Rc7 34. Ke2 Kd7 35. Kd2 Rcc8 36. Ra7+ Rc7 37. Ra6 Rb8 38. f3 Rbb7 39. Ra8 Rc8 40. Ra6 Re8 41. Ra1 Re6 42. Ra8 Re8 43. Ra6 Kc7 44. g4 Rc8 45. h4 Kb8 46. h5 Ra7 47. Raa4 Rb7 48. Ra6 Ra7 49. Raa4 Ka8 50. Rxa7+ Kxa7 51. g5 Re8 52. h6 gxh6 53. gxh6 Kb6 0-1

[Event "WchT Seniors 50"]
[Site "Struga"]
[Date "2023.09.27"]
[Round "8.2"]
[White "Escofet Fernandez, Jaime"]
[Black "Ehlvest, Jaan"]
[Result "0-1"]
[WhiteElo "1902"]
[BlackElo "2530"]
[PlyCount "86"]
[EventDate "2023.09.19"]
[EventType "team-swiss"]
[EventRounds "9"]
[EventCountry "MKD"]
[SourceTitle "EXT 2024"]
[Source "ChessBase"]
[SourceDate "2023.10.10"]
[SourceVersion "1"]
[SourceVersionDate "2023.10.10"]
[SourceQuality "1"]
[WhiteTeam "Uruguay 50"]
[BlackTeam "United States 50"]
[WhiteTeamCountry "URU"]
[BlackTeamCountry "USA"]

1. e4 g6 2. d4 Bg7 3. Nc3 c6 4. Nf3 d5 5. h3 Nf6 6. e5 Ne4 7. Bd3 Nxc3 8. bxc3 c5 9. 0-0 Nc6 10. Re1 Qa5 11. Bd2 c4 12. Bf1 Qa4 13. Nh4 Bd7 14. g3 0-0-0 15. Bg2 e6 16. Nf3 h6 17. Qc1 Bf8 18. a3 Kb8 19. Qb2 Ne7 20. Reb1 Bc6 21. Nh2 Nc8 22. Qc1 Nb6 23. Ng4 g5 24. Qd1 Be7 25. Rb2 Nd7 26. Qf3 Rdf8 27. Kh2 Ka8 28. Qe2 h5 29. Ne3 f5 30. f4 h4 31. Nf1 hxg3+ 32. Kxg3 gxf4+ 33. Bxf4 Qa5 34. Qf3 Rfg8+ 35. Kh2 Nf8 36. Bd2 Ng6 37. Be1 Qd8 38. Ne3 Bh4 39. Rbb1 Qg5 40. Bf2 Bxf2 41. Qxf2 f4 42. Nf1 Nh4 43. Bh1 Nf3+ 0-1